000 01252nam a22003017a 4500
999 _c63573
_d63573
005 20240530110648.0
008 171102s2015 ua ahk g b 000 0 ara d
017 _a2015/1838
_bمصر. دار الكتب
020 _a9789777220781
040 _aEG-CaGPL
_cEG-CaGPL
082 0 4 _221
_a370.15 /
_bم ق
100 0 _aعبدالعظيم صبرى عبدالعظيم
245 1 0 _aفن صناعة القرار عند القائد الصغير /
_cعبدالعظيم صبرى عبدالعظيم ، حمدى احمد محمود
250 _aط.1
260 _aالقاهرة :
_bالمجموعة العربية للتدريب و النشر ،
_c2015.
300 _a186 ص. :
_bايض ؛
_c24 سم.
490 0 _aسلسلة قائد المستقبل ؛
_v8
504 _aيشتمل على ارجاعات ببليوجرافية
650 0 7 _2qrmak
_aعلم النفس الادارى
650 0 7 _2qrmak
_aالاطفال
_xتعليم
650 0 7 _2qrmak
_aالاطفال
_xرعاية
650 0 7 _2qrmak
_aثقافة الاطفال
650 0 7 _2qrmak
_x علم النفس التربوى
651 _2qrmak
700 0 _aحمدى احمد محمود
_eمؤلف مشارك
942 _2ddc
_cBK